| 000 | 00545nam a22001937a 4500 | ||
|---|---|---|---|
| 003 | CEME | ||
| 005 | 20210628205535.0 | ||
| 008 | 210308b xxu||||| |||| 00| 0 eng d | ||
| 020 | _a0-07-037103-2 | ||
| 040 | _c. | ||
| 082 | _a621.3845 LEE'M | ||
| 100 |
_aMcgraw Hill _910562 |
||
| 245 | _aMobile communications engineering theory and applications | ||
| 250 | _a2ND | ||
| 260 |
_aNEWYORK _c1998 |
||
| 300 | _a688P | ||
| 650 |
_aMOBILE COMMUNICATIONS MILITARY MOBILE COMMUNICATION MOBILE SATELLITER SYSTEMS,P540 _975953 |
||
| 942 |
_cBK _2ddc |
||
| 999 |
_c581360 _d581360 |
||